Influencias físico-químicas sobre los hormigones en masa y armados / (Record no. 86746)

MARC details
000 -LEADER
campo de control de longitud fija 00733nam a2200181 i 4500
001 - NÚMERO DE CONTROL
campo de control 86746
003 - IDENTIFICADOR DE NÚMERO DE CONTROL
campo de control ES-MaACL
007 - CAMPO FIJO DE DESCRIPCIÓN FÍSICA--INFORMACIÓN GENERAL
campo de control de longitud fija t|
008 - DATOS DE LONGITUD FIJA--INFORMACIÓN GENERAL
campo de control de longitud fija 041215s1955 sp ||||1| spa d
100 1# - ENTRADA PRINCIPAL--NOMBRE DE PERSONA
Nombre de persona Kleinlogel, Adolf.
9 (RLIN) 68230
245 10 - MENCIÓN DEL TÍTULO
Título Influencias físico-químicas sobre los hormigones en masa y armados /
Mención de responsabilidad, etc. estudio por Aldolf Kleinlogel ; con la colaboración de Kurt Walz y Hugo Vierheller ; traducción directa de la 5ª ed. alemana por Roberto Dublang.
260 ## - PUBLICACIÓN, DISTRIBUCIÓN, ETC.
Lugar de publicación, distribución, etc. Barcelona, etc. :
Nombre del editor, distribuidor, etc. Labor,
Fecha de publicación, distribución, etc. 1955 (
Fabricante Tall. Graf. Ibero-Americanos)
300 ## - DESCRIPCIÓN FÍSICA
Extensión XVI, 304 p. :
Otras características físicas il. ;
Dimensiones 25 cm.
700 1# - ENTRADA AGREGADA--NOMBRE PERSONAL
Nombre de persona Walz, Kurt.
9 (RLIN) 116031
700 1# - ENTRADA AGREGADA--NOMBRE PERSONAL
Nombre de persona Vierheller, Hugo.
9 (RLIN) 114595
700 1# - ENTRADA AGREGADA--NOMBRE PERSONAL
Nombre de persona Dublang, Roberto.
9 (RLIN) 45757
852 ## - LOCALIZACIÓN
Ubicación ES-MaACL
Número de control de estantería C-9467
Sublocalización o colección R.37695
Holdings
Estatus retirado Estado de pérdida Estado de daño No para préstamo Biblioteca de origen Biblioteca actual Ubicación en estantería Fecha de adquisición Fuente de adquisición Total de préstamos Signatura topográfica completa Código de barras Visto por última vez Precio de reemplazo Tipo de ítem Koha
        Biblioteca del Ateneo de Madrid Biblioteca del Ateneo de Madrid Sala Palomar 17/01/2008     C-9467 1090637 23/02/2023 23/02/2023 Libro impreso